| 000 | 00846cam a22002651 4500 | ||
|---|---|---|---|
| 001 | sa 68016345 | ||
| 003 | DLC | ||
| 005 | 20260227112653.0 | ||
| 008 | 720717s1966 xx 100 0 ind | ||
| 010 | _asa 68016345 | ||
| 035 | _a(OCoLC)357883 | ||
| 040 |
_aDLC _cOAU _dDLC |
||
| 042 | _apremarc | ||
| 050 | 0 | 0 |
_aJQ763 1966 _b.S4 |
| 111 | 1 |
_aSeminar Pendidikan Nasional Pantjasila, _cDjakarta, _d1966. |
|
| 245 | 0 | 0 |
_aSeminar Pendidikan Nasional Pantjasila; _b[risalah hasil. |
| 260 |
_aDjakarta, _c1966] |
||
| 300 |
_aiv, 112 p. _c35 cm. |
||
| 500 | _aCover title. | ||
| 500 | _aOrganized by KASI, KAMI, and IKIP Djakarta. | ||
| 651 | 0 |
_aIndonesia _xPolitics and government _y1966- |
|
| 710 | 2 | _aKesatuan Aksi Sardjana Indonesia. | |
| 710 | 2 | _aKAMI (Organization) | |
| 710 | 2 | _aInstitut Keguruan dan Ilmu Pendidikan, Jakarta, Indonesia. | |
| 999 |
_c87046 _d87046 |
||